Quốc hội khóa VI (1976) : Kỷ niệm 40 năm Quốc hội nước Việt Nam thống nhất
Những câu chuyện về kỳ họp đầu tiên Quốc hội khóa VI (1976), đã trải qua 40 năm, là thực tiễn lịch sử và hành trang cho thế hệ chiến tranh vệ quốc và những thế hệ thời bình, xây dựng, phát triển, hội nhập và bảo vệ tổ quốc Việt Na...
Đã lưu trong:
| Príomhúdar: | |
|---|---|
| Formáid: | Leabhar |
| Teanga: | Undetermined |
| Foilsithe: |
Thành phố Hồ Chí Minh
Nxb. Tổng hợp Thành phố Hồ Chí Minh
2016
|
| Ábhair: | |
| Clibeanna: |
Cuir Clib Leis
Gan Chlibeanna, Bí ar an gcéad duine leis an taifead seo a chlibeáil!
|
| Thư viện lưu trữ: | Trung tâm Học liệu Trường Đại học Cần Thơ |
|---|
| LEADER | 01109nam a2200217Ia 4500 | ||
|---|---|---|---|
| 001 | CTU_222807 | ||
| 008 | 210402s9999 xx 000 0 und d | ||
| 020 | |c 40000 | ||
| 082 | |a 328.597 | ||
| 082 | |b H455/T.5 | ||
| 100 | |a Hà, Minh Hồng | ||
| 245 | 0 | |a Quốc hội khóa VI (1976) : | |
| 245 | 0 | |b Kỷ niệm 40 năm Quốc hội nước Việt Nam thống nhất | |
| 245 | 0 | |c Hà Minh Hồng (Chủ biên) | |
| 260 | |a Thành phố Hồ Chí Minh | ||
| 260 | |b Nxb. Tổng hợp Thành phố Hồ Chí Minh | ||
| 260 | |c 2016 | ||
| 520 | |a Những câu chuyện về kỳ họp đầu tiên Quốc hội khóa VI (1976), đã trải qua 40 năm, là thực tiễn lịch sử và hành trang cho thế hệ chiến tranh vệ quốc và những thế hệ thời bình, xây dựng, phát triển, hội nhập và bảo vệ tổ quốc Việt Nam. | ||
| 650 | |a Legislative bodies,Cơ quan lập pháp | ||
| 904 | |i Hải | ||
| 980 | |a Trung tâm Học liệu Trường Đại học Cần Thơ | ||